[Event "Niedersachsen-ch U12"]
[Site "Rotenburg"]
[Date "2013.03.28"]
[Round "9"]
[White "Schulze, Lara"]
[Black "Stukenborg, Fynn"]
[Result "1-0"]
[WhiteElo "1839"]
[BlackElo "954"]
[PlyCount "111"]
[EventDate "2013.03.23"]
[EventType "swiss"]
[EventRounds "11"]
[EventCountry "GER"]
[SourceTitle "EXT 2015"]
[Source "ChessBase"]
[SourceDate "2014.11.20"]
[SourceVersion "1"]
[SourceVersionDate "2014.11.20"]
[SourceQuality "1"]

1. d4 e5 2. dxe5 Nc6 3. Nf3 Qe7 4. c3 Nxe5 5. Nxe5 Qxe5 6. Nd2 Nf6 7. Nf3 Qd6 8. Qxd6 Bxd6 9. Bg5 Be7 10. e3 d6 11. Bd3 h6 12. Bf4 Nd5 13. Bg3 Bf6 14. h3 Be6 15. Rd1 0-0 16. 0-0 Nb6 17. b3 Rfc8 18. c4 Nd7 19. Rfe1 Rd8 20. Be4 b6 21. Nd4 Re8 22. Bf3 a6 23. Nc6 Rac8 24. Rc1 Ne5 25. Nxe5 Bxe5 26. Bxe5 dxe5 27. Bb7 Rb8 28. Bxa6 Ra8 29. Bb5 Red8 30. Rc2 Ra7 31. Bc6 Bf5 32. e4 Be6 33. Bd5 Bxd5 34. cxd5 Kh7 35. g4 f6 36. Rec1 Rd7 37. Kf1 Kg6 38. Kg2 Kg5 39. Kg3 h5 40. gxh5 Kxh5 41. Rf1 Kg5 42. f4+ exf4+ 43. Rxf4 Re7 44. a4 g6 45. Re2 Ra5 46. h4+ Kh6 47. Rxf6 Rc5 48. Rf3 b5 49. a5 b4 50. a6 Ra5 51. Rf6 Re8 52. Kf3 Ra8 53. Rc2 R8xa6 54. Rxa6 Rxa6 55. Rxc7 Kh5 56. Rh7# 1-0

[Event "Niedersachsen-ch U12"]
[Site "Rotenburg"]
[Date "2013.03.27"]
[Round "7"]
[White "Hallfarth, Freya"]
[Black "Stukenborg, Fynn"]
[Result "1/2-1/2"]
[WhiteElo "803"]
[BlackElo "954"]
[PlyCount "79"]
[EventDate "2013.03.23"]
[EventType "swiss"]
[EventRounds "11"]
[EventCountry "GER"]
[SourceTitle "EXT 2015"]
[Source "ChessBase"]
[SourceDate "2014.11.20"]
[SourceVersion "1"]
[SourceVersionDate "2014.11.20"]
[SourceQuality "1"]

1. e4 e6 2. d4 b6 3. Nc3 Bb7 4. f3 Bb4 5. Bd3 c5 6. a3 Bxc3+ 7. bxc3 Nf6 8. e5 Ng8 9. Ne2 Ne7 10. Bg5 h6 11. Bxe7 Qxe7 12. 0-0 0-0 13. Nf4 d6 14. Qe1 Nd7 15. Nh5 Rac8 16. Qg3 g6 17. h4 Kh7 18. exd6 Qd8 19. Qf4 f5 20. Ng3 Rc6 21. Ne2 Nb8 22. Kf2 Rxd6 23. Rh1 Rd7 24. g4 fxg4 25. Qxg4 Qf6 26. h5 Qxf3+ 27. Qxf3 Bxf3 28. Rh3 Bg4+ 29. Kg3 Bxh3 30. Kxh3 Kg7 31. Rg1 Rf6 32. hxg6 Nc6 33. Ng3 Rd5 34. Kh4 cxd4 35. Nh5+ Rxh5+ 36. Kxh5 dxc3 37. Be4 Nd4 38. a4 a6 39. Rg3 b5 40. a5 1/2-1/2

[Event "Niedersachsen-ch U12"]
[Site "Rotenburg"]
[Date "2013.03.26"]
[Round "5"]
[White "Stukenborg, Fynn"]
[Black "Stelmaszyk, Nico"]
[Result "0-1"]
[WhiteElo "954"]
[BlackElo "859"]
[PlyCount "100"]
[EventDate "2013.03.23"]
[EventType "swiss"]
[EventRounds "11"]
[EventCountry "GER"]
[SourceTitle "EXT 2015"]
[Source "ChessBase"]
[SourceDate "2014.11.20"]
[SourceVersion "1"]
[SourceVersionDate "2014.11.20"]
[SourceQuality "1"]

1. e4 e5 2. Nc3 Bc5 3. Nf3 d6 4. Bc4 Bg4 5. h3 Bh5 6. d3 Nc6 7. Nd5 Nd4 8. Be3 Bxf3 9. gxf3 c6 10. c3 cxd5 11. cxd4 exd4 12. Bb5+ Kf8 13. Bf4 Qa5+ 14. Bd2 Qxb5 15. Qc2 Nf6 16. Rb1 dxe4 17. fxe4 Qc6 18. b4 Bxb4 19. Qxc6 Bxd2+ 20. Kxd2 bxc6 21. Rb7 g6 22. Rc7 Rb8 23. Kc2 d5 24. Rxc6 Kg7 25. exd5 Nxd5 26. Rc4 Rhc8 27. Kd2 Rb2+ 28. Kc1 Rxc4+ 29. dxc4 Rxa2 30. Kb1 Nc3+ 31. Kc1 Ra1+ 32. Kd2 Rxh1 33. c5 Rxh3 34. c6 Nd5 35. Ke2 Kf6 36. f3 d3+ 37. Kxd3 Rxf3+ 38. Kd4 Ke6 39. Kc5 Nc7 40. Kb4 h5 41. Kc4 h4 42. Kd4 h3 43. Ke4 Rf5 44. Kd4 h2 45. Kc4 h1Q 46. Kd4 Qh4+ 47. Ke3 Rg5 48. Ke2 Rg3 49. Kf1 Qh2 50. Ke1 Rg1# 0-1